000 00481nam a2200181Ia 4500
001 16539
005 20260306170317.0
008 260306t2014||||xx |||||||||||||| ||und||
041 _aESP
082 _a348.6
_bV19
100 _aValderrama Valderrama, Luis
_eAUT
245 0 _aDespido arbitrario nuevos criterios jurisprudenciales sobre su calificación
260 _c2014
300 _a214 pƔginas :
_c23 cm.
650 _aGEN
654 _aCDE
942 _cLIB
_dJUS
_fJUS
_2ddc
_n
999 _c16539
_d16539